La création des identités nationales Europe 18e-20e siecle

Bibliographic Details
Main Author: Thiesse, Anne-Marie, 1955- (Author)
Format: Book
Language:French
PhysicalDescription:302, [16] s. 21 cm
Published: Paris Seuil 1999
ISBN:2020342472
Series:L´univers historique
Subjects:

MARC

LEADER 00000cam a2200000 a 4500
001 vtls001434091
003 SK-MaSNL
005 20260301190454.0
008 240226s1999 fr a frn 001 0 fre
015 |a SNBZSA2002-00234 
020 |a 2020342472 
035 |a SNK000389165 
035 |a urn:nbn:sk:snk-am3isiy 
035 |a 1283DC55-0892-449E-9E8B-DEB259082209 
035 |a urn:nbn:sk:snk-am00fg6m 
040 |a SNK  |b slo  |c SNK  |e AACR2 
041 0 |a fre 
044 |a fr  |c FR 
080 |a 323.1(4)"17/19"=40  |2 1981 
080 |a 940.2/.5=40  |2 1981 
100 1 |a Thiesse, Anne-Marie,  |d 1955-  |4 aut  |9 204492 
245 1 3 |a La création des identités nationales  |b Europe 18e-20e siecle  |c Anne-Marie Thiesse 
260 |a Paris  |b Seuil  |c 1999 
300 |a 302, [16] s.  |c 21 cm 
490 1 |a L´univers historique 
504 |a Bibliografia na s. 287-289. Register 
648 7 |a 18.-20. stor.  |2 SNKPH  |9 293384 
650 0 7 |a národy  |2 SNKPH  |9 4720 
650 0 7 |a národná identita  |2 SNKPH  |9 1665 
651 7 |a Európa  |x dejiny  |2 SNKPHgeo  |9 170615 
655 7 |a monografie  |2 SNKPH  |9 70139 
830 0 |a L´univers historique  |9 565791 
919 |a 2-02-034247-2 
958 |a OND 
958 |a ZS 
958 |a TL 
958 |a NB 
958 |a FR 
999 |c 867624  |d 869554 
952 |t P60, <03>, [BOOK], {603}  |a SNK  |b SNK  |y PREZ  |7 0  |p 17A0348815  |o snkSC 108482  |i snkV 638/2002  |0 0  |1 0  |4 0  |d 2002-06-28  |f 1  |l 0  |r 2025-09-29 00:00:00  |w 2026-02-24